• 首页
  • 本馆介绍
  • 公告通知
  • 最新文献
  • 馆藏检索
  • 电子资源
  • 读者导购
  • 参考咨询
  • 我的图书馆
  • 登录
  • 详细信息显示
  • 放入我的书架
  • 预约/预借图书
  • 作者相关作品
  • 分类相关作品
  • 丛书相关作品
  • 出版社相关作品

书目信息

  • 表格格式
  • 工作单格式
  • 卡片格式
题名:
科学简史
    
 
作者: 约翰·格里宾 ;张帆 译
分册:  
出版信息: 济南   山东画报  2006
页数: 221页
开本: 29cm
丛书名:
单 册:
中图分类: C09
科图分类:
主题词: 社会科学--历史
电子资源:
ISBN: 7-80713-120-9
000 00577nam0 2200193 450
001 0753865015
005 20070818145745.01
010    @a7-80713-120-9@d¥68.00
100    @a20070818d km y0chiy0120 ea
101 0  @achi
200 1  @a科学简史@Ake xue jian shi@f(英)约翰.格里宾@F(ying)yue han.ge li bin@g张帆等译@Gzhang fan deng yi
210    @a济南@c山东画报@d2006
215    @a221页@d29cm
606 0  @a社会科学@x历史
690    @aC09@v3
701  0 @a约翰·格里宾@Ayue han·ge li bin
702  0 @a张帆@Azhang fan@4译
801  0 @aCN@bPFT@c20070818
905    @a213230@dC09@ee2@f1
    
    科学简史/(英)约翰.格里宾/张帆等译.-济南:山东画报,2006
    221页;29cm
    
    
    ISBN 7-80713-120-9:¥68.00
    
●
相关链接 在E读中查询图书 在五车中查询图书 在当当中查询图书 在豆瓣中查询图书


正题名:科学简史     索取号:C09/e2         预约/预借

序号 登录号 条形码 馆藏地/架位号 状态 备注
1 6301381   263013811   教育系资料室/ [索取号:C09/e2] 在馆    
2 6301382   263013820   教育系资料室/ [索取号:C09/e2] 在馆    
唐山师范学院图书馆 欢迎您!
大连网信软件有限公司© 版权所有